000
00296nam a22001337a 4500
008
180227b xxu||||| |||| 00| 0 eng d
020
_a
9781437708554
041
_a
eng
080
_2
2nd
_a
616.31
100
_a
5
101
_a
STO
245
_a
Dental materials
_c
Hatrick,C.D
942
_2
udc
_c
BK
999
_c
43616
_d
43616